000 00296nam a2200133Ia 4500
100 _aKumbhojkar/G.v
942 _cBK
654 _aapplied mathematics V
245 _aApplied Mathematics V
260 _bC.Jamnadas&co.
_aPune
_c2007
082 _a513/KUM
_bKUM
546 _aENGLISH
999 _c24660
_d24660